Vikingové. Pomsta synů /
První díl historické trilogie (s podtitulem Pomsta synů) z období raného středověku se zabývá útoky vikingů, vedených pěti syny legendárního Ragnara Lodbroka, na Anglii, kde jejich otec zemřel.
Uloženo v:
| Série: | Vikingové,
část 1 |
|---|---|
| Hlavní autor: | |
| Další autoři: | |
| Médium: | E-kniha |
| Jazyk: | Czech |
| Vydáno: |
Praha :
Dobrovský s.r.o.,
2018
|
| Edice: | Fobos
|
| Témata: | |
| Příbuzné jednotky: | Z cyklu::
Vikingové |
| Tagy: |
Žádné tagy |
| LEADER | 02584cam a2200481 i 4500 | ||
|---|---|---|---|
| 001 | 311138 | ||
| 003 | CZ PrSKC | ||
| 005 | 20260601215700.0 | ||
| 007 | ta | ||
| 008 | 181008s2018 xr b g 000 f cze | ||
| 015 | |a cnb003049125 | ||
| 020 | |a 9788073909123 |q (vázáno) | ||
| 035 | |a (OCoLC)1119011687 | ||
| 040 | |a ABG001 |b cze |d UOG001 |d OSA001 |d ABA001 |e rda | ||
| 041 | 1 | |a cze |h dan | |
| 072 | 7 | |a 821.11 |x Germánské literatury |2 Konspekt | |
| 080 | |a 821.113.4-31 |2 MRF | ||
| 080 | |a (0:82-311.6) |2 MRF | ||
| 100 | 1 | |a Holm, Lasse, |d 1968- |7 xx0228029 |4 aut | |
| 240 | 1 | 0 | |a Lodbrogsønnernes hævn. |l Česky |
| 245 | 1 | 0 | |a Vikingové. |p Pomsta synů / |c Lasse Holm ; z dánského orignálu Lodbrogsønnernes hævn přeložila Miroslava Gajzlerová |
| 246 | 3 | 0 | |a Pomsta synů |
| 264 | 1 | |a Praha : |b Dobrovský s.r.o., |c 2018 | |
| 300 | |a 409 stran : |b mapy ; |c 21 cm | ||
| 336 | |a text |b txt |2 rdacontent | ||
| 337 | |a bez média |b n |2 rdamedia | ||
| 338 | |a svazek |b nc |2 rdacarrier | ||
| 490 | 1 | |a Fobos | |
| 500 | |a První díl trilogie | ||
| 500 | |a V roce 2019 dotisk | ||
| 520 | 2 | |a První díl historické trilogie (s podtitulem Pomsta synů) z období raného středověku se zabývá útoky vikingů, vedených pěti syny legendárního Ragnara Lodbroka, na Anglii, kde jejich otec zemřel. |b Rolf, původně zvaný Wulf a je anglickými vesničany považovaný za vlkodlaka, má být popraven. Zachrání jej nájezd vikingů a jeho vlastní smělost, díky níž získá přízvisko Rolf Troufalec. Postupně se setkává se všemi pěti syny Ragnara Lodbroka a doslýchá se o jeho životě - ať už za vlasy přitažené báchorky či poněkud střízlivější zprávy. Je to ale právě Rolf, kdo dokáže pravdivě rozplést záhady, které obestírají Ragnarovu smrt. | |
| 655 | 7 | |a dánské romány |7 fd132169 |2 czenas | |
| 655 | 7 | |a historické romány |7 fd132414 |2 czenas | |
| 655 | 9 | |a Danish fiction |2 eczenas | |
| 655 | 9 | |a historical novels |2 eczenas | |
| 700 | 1 | |a Gajzlerová, Miroslava |7 xx0171953 |4 trl | |
| 787 | 0 | 8 | |i Z cyklu: |t Vikingové |g 1 |
| 830 | 0 | |a Fobos | |
| 900 | |a ABA001 |b 21 | ||
| 044 | |a xr | ||
| 910 | |a RBIT002 | ||
| 998 | |d 203864 |a https://core.palmknihy.cz/api/books/203864/cover?q5ooew |b https://core.palmknihy.cz/api/books/203864/cover/400?q5ooew |c https://core.palmknihy.cz/api/books/203864/cover/50?q5ooew |e 2028-12-31 |g 416 |i 9788073909123 |j https://core.palmknihy.cz/api/books/203864/preview.epub |k https://core.palmknihy.cz/api/books/203864/preview.pdf |l |q 49 |r 1 |s https://www.palmknihy.cz/kniha/203864 |t ebook |y 2018 |z 0 |v Vikingové |w 1 | ||
| 999 | |d 311136 | ||